| 000 | 02849cam a2200625 i 4500 | ||
|---|---|---|---|
| 001 | 22118016 | ||
| 003 | OSt | ||
| 005 | 20231007154821.0 | ||
| 008 | 210707t20212021nyu 000 0deng d | ||
| 010 | _a 2021304062 | ||
| 020 |
_a9780593355626 _qhardcover |
||
| 020 |
_a0593355628 _qhardcover |
||
| 035 | _a(OCoLC)on1237654443 | ||
| 040 |
_aLNC _beng _erda _cLNC _dOCLCO _dTCH _dJAS _dOCLCO _dTZI _dVP@ _dSLV _dOCO _dOCLCO _dHQD _dLMJ _dBDX _dNHP _dYDX _dJTD _dGK8 _dLIV _dOCLCF _dUAP _dILC _dSLPLM _dSINLB _dYU6 _dOCLCO _dPZF _dOCLCO _dCLE _dORX _dOCLCO _dTYA _dOCLCO _dZLF _dOCLCO _dDLC |
||
| 041 | 1 |
_aeng _hspa |
|
| 042 | _alccopycat | ||
| 050 | 0 | 0 |
_aHQ1206 _b.A43513 2021 |
| 082 | 0 | 0 |
_a305.42 _bALL/S |
| 100 | 1 |
_aAllende, Isabel _eauthor, _etranslator. _99707 |
|
| 240 | 1 | 0 |
_aMujeres del alma mia. _lEnglish |
| 245 | 1 | 4 |
_aThe soul of a woman _b / _cIsabel Allende ; [English translation by Isabel Allende]. |
| 250 | _aFirst edition. | ||
| 264 | 1 |
_aNew York : _bBloomsbury, _c[2021] |
|
| 264 | 4 | _c©2021 | |
| 300 |
_a174 pages ; _c20 cm |
||
| 336 |
_atext _btxt _2rdacontent |
||
| 337 |
_aunmediated _bn _2rdamedia |
||
| 338 |
_avolume _bnc _2rdacarrier |
||
| 380 |
_aBook _2tlcgt |
||
| 385 |
_aGeneral _2tlctarget |
||
| 500 | _a"Originally published in Spanish in Spain as Mujeres del alma mia: Sobre el amor impaciente, la vida larga y las brujas buenas by Penguin Random House Grupo editorial, S.A., Barcelona in 2020"--Title page verso. | ||
| 520 | _aThe author describes her lifelong commitment to feminism in a meditation on what it means to be a woman, discussing progress within the movement in her lifetime, what remains to be done, and how to move forward in the future. | ||
| 546 | _aText in English, translated from the Spanish. | ||
| 600 | 1 | 0 | _aAllende, Isabel. |
| 600 | 1 | 7 |
_aAllende, Isabel. _2fast _0(OCoLC)fst00139068 |
| 650 | 0 | _aFeminism. | |
| 650 | 0 | _aSelf-actualization (Psychology) in women. | |
| 650 | 0 | _aFeminists. | |
| 650 | 1 | _aFeminists. | |
| 650 | 7 |
_aSOCIAL SCIENCE / Feminism & Feminist Theory. _2bisacsh |
|
| 650 | 7 |
_aBIOGRAPHY & AUTOBIOGRAPHY / Personal Memoirs. _2bisacsh |
|
| 650 | 7 |
_aSOCIAL SCIENCE / Gender Studies. _2bisacsh |
|
| 650 | 7 |
_aFeminism. _2fast _0(OCoLC)fst00922671 |
|
| 650 | 7 |
_aSelf-actualization (Psychology) in women. _2fast _0(OCoLC)fst01741869 |
|
| 655 | 0 | _aAutobiographies. | |
| 655 | 0 | _aPersonal narratives. | |
| 655 | 7 |
_aAutobiographies. _2fast _0(OCoLC)fst01919894 |
|
| 655 | 7 |
_aBiographies. _2fast _0(OCoLC)fst01919896 |
|
| 655 | 7 |
_aPersonal narratives. _2fast _0(OCoLC)fst01423843 |
|
| 655 | 7 |
_aAutobiographies. _2lcgft |
|
| 655 | 7 |
_aPersonal narratives. _2lcgft |
|
| 906 |
_a7 _bcbc _ccopycat _d2 _encip _f20 _gy-gencatlg |
||
| 942 |
_2ddc _cBK _h305.42 _iALL/S _k305.42 _mALL/S |
||
| 999 |
_c42591 _d42591 |
||